Statystyki dla Kraje w ich ojczystym języku-wersja trudna

Kliknij tutaj aby rozwiązać quiz!

Ogólne statystyki

  • Ten quiz został rozwiązany 80 razy
  • Średni wynik to 9 z 12

Statystyki odpowiedzi

Kraj w ojczystym języku:Kraj Po Polsku:% Poprawnych
日本Japonia
100%
中國Chiny
99%
BrasilBrazylia
97%
TürkiyeTurcja
97%
Việt NamWietnam
97%
TürkmenistanTurkmenistan
94%
대한민국Korea Południowa
90%
ישראלIzrael
71%
СрбијаSerbia
65%
ایرانIran
60%
नेपालNepal
44%
މޯލްޑިވްސް އެވެMalediwy
15%

Rozkład punktacji

Percentyl według liczby udzielonych odpowiedzi

Procent ludzi z każdym wynikiem

Twoja historia wyników

Nie rozwiązałeś tego quizu